[Event "World ol U16"]
[Site "Eindhoven"]
[Date "2023.08.17"]
[Round "8.13"]
[White "Mukhametkali, Merey"]
[Black "Pedmanson, Albert"]
[Result "1-0"]
[WhiteElo "1960"]
[BlackElo "1939"]
[PlyCount "73"]
[EventDate "2023.08.13"]
[EventType "team-swiss"]
[EventRounds "9"]
[EventCountry "NED"]
[SourceTitle "CBM 215 Extra"]
[Source "ChessBase"]
[SourceDate "2023.09.30"]
[SourceVersion "1"]
[SourceVersionDate "2023.09.30"]
[SourceQuality "1"]
[WhiteTeam "Kazakhstan IV"]
[BlackTeam "Estonia"]
[WhiteTeamCountry "KAZ"]
[BlackTeamCountry "EST"]

1. e4 e5 2. Nf3 Nc6 3. Bb5 a6 4. Ba4 Nf6 5. d4 exd4 6. 0-0 Be7 7. Re1 0-0 8. e5 Nd5 9. Nxd4 Nb6 10. Bb3 Nxd4 11. Qxd4 d5 12. exd6 Bxd6 13. Bf4 Qh4 14. g3 Qg4 15. h3 Qf3 16. Nd2 Qc6 17. Bxd6 cxd6 18. Kh2 Bf5 19. Ne4 d5 20. Nc3 Rad8 21. Rad1 Be6 22. Re5 h6 23. f4 Nd7 24. Re3 Nf6 25. Re5 Qc8 26. g4 Bxg4 27. hxg4 Qxg4 28. Re3 Qg6 29. Rg3 Ng4+ 30. Kg2 Rfe8 31. f5 Ne3+ 32. Qxe3 Qxf5 33. Qxh6 Qe5 34. Qg5 f5 35. Bxd5+ Kf8 36. Qh5 Rxd5 37. Rxd5 1-0

[Event "World ol U16"]
[Site "Eindhoven"]
[Date "2023.08.13"]
[Round "1.5"]
[White "Palczert, Matyas"]
[Black "Mukhametkali, Merey"]
[Result "1-0"]
[WhiteElo "2340"]
[BlackElo "1960"]
[PlyCount "116"]
[EventDate "2023.08.13"]
[EventType "team-swiss"]
[EventRounds "9"]
[EventCountry "NED"]
[SourceTitle "CBM 215 Extra"]
[Source "ChessBase"]
[SourceDate "2023.09.30"]
[SourceVersion "1"]
[SourceVersionDate "2023.09.30"]
[SourceQuality "1"]
[WhiteTeam "Hungary"]
[BlackTeam "Kazakhstan IV"]
[WhiteTeamCountry "HUN"]
[BlackTeamCountry "KAZ"]

1. e4 e6 2. d4 d5 3. Nc3 Bb4 4. Nge2 dxe4 5. a3 Bxc3+ 6. Nxc3 Nc6 7. Bf4 Nf6 8. Bb5 0-0 9. Bxc6 bxc6 10. Bg5 h6 11. Bxf6 Qxf6 12. Nxe4 Qf4 13. Qf3 Qxf3 14. gxf3 Rd8 15. 0-0-0 Ba6 16. Rhe1 Rab8 17. Nc5 Bc8 18. c4 a5 19. Kc2 Rb6 20. Kc3 Bd7 21. b4 axb4+ 22. axb4 Be8 23. Ra1 Rbb8 24. Ra7 Rbc8 25. Rea1 Kf8 26. R1a6 Ke7 27. Nb7 Rd7 28. Ra8 Rxa8 29. Rxa8 f6 30. Nc5 Rd6 31. Rc8 e5 32. dxe5 fxe5 33. Rxc7+ Kf8 34. Ne4 Rd1 35. c5 Rc1+ 36. Kd2 Rb1 37. Nd6 Bh5 38. Kc3 Rc1+ 39. Kb2 Rf1 40. Rxc6 Rxf2+ 41. Kc1 Bxf3 42. Rc8+ Ke7 43. Re8+ Kd7 44. Rxe5 Rxh2 45. Re3 Bd5 46. b5 g5 47. Rd3 Ke6 48. b6 Rh1+ 49. Kb2 Rh2+ 50. Kc3 Rh1 51. Nb5 Rc1+ 52. Kd4 Rc4+ 53. Ke3 Rxc5 54. Nc7+ Rxc7 55. bxc7 Bb7 56. Rd8 Kf5 57. Rb8 Ba6 58. Rh8 Ke6 1-0

[Event "Astana Zhuldyzdary op-A"]
[Site "Astana"]
[Date "2023.07.16"]
[Round "8"]
[White "Mukhametkali, Merey"]
[Black "Volchkova, Alena"]
[Result "1-0"]
[WhiteElo "1923"]
[BlackElo "1824"]
[PlyCount "131"]
[EventDate "2023.07.11"]
[EventType "swiss"]
[EventRounds "10"]
[EventCountry "KAZ"]
[SourceTitle "CBM 215 Extra"]
[Source "ChessBase"]
[SourceDate "2023.09.30"]
[SourceVersion "1"]
[SourceVersionDate "2023.09.30"]
[SourceQuality "1"]

1. e4 c5 2. Nf3 d6 3. d4 cxd4 4. Nxd4 Nf6 5. Nc3 g6 6. Be2 Bg7 7. Be3 0-0 8. Qd2 Nc6 9. 0-0-0 d5 10. exd5 Nxd5 11. Nxc6 bxc6 12. Nxd5 cxd5 13. Qxd5 Qc7 14. Qc5 Qb7 15. Bd4 Bf5 16. Bf3 Qa6 17. Bxa8 Rc8 18. Bxg7 Rxc5 19. Bc3 Rc8 20. Bd5 Qb6 21. Rd2 Be6 22. Bxe6 Qxe6 23. Rhd1 f6 24. Kb1 Qb6 25. Ka1 a5 26. g3 Kf7 27. f4 a4 28. a3 Rc4 29. Re2 Qc6 30. Rde1 e6 31. Re3 Rc5 32. Kb1 Rd5 33. Kc1 Rd6 34. Bb4 Rd7 35. Bc3 Qc4 36. Kb1 Rd8 37. Bb4 Rd7 38. Bc3 h6 39. h4 h5 40. Bb4 Qc6 41. Bc3 Qa6 42. Bb4 Qb6 43. Kc1 Qc6 44. Bc3 Rd5 45. Kb1 Rc5 46. Kc1 Qd5 47. Kb1 Rc7 48. Rd3 Qb5 49. Red1 Qb7 50. R1d2 Qh1+ 51. Ka2 Qc6 52. Bb4 e5 53. fxe5 Qe6+ 54. Kb1 Qxe5 55. Bd6 Qe1+ 56. Rd1 Qe4 57. Bxc7 g5 58. hxg5 fxg5 59. Rf1+ Ke6 60. Ba5 Qg2 61. Re3+ Kd5 62. Rd1+ Kc5 63. Bb4+ Kb5 64. Re5+ Kc6 65. Rd6+ Kc7 66. Rf6 1-0

[Event "Astana Zhuldyzdary op-A"]
[Site "Astana"]
[Date "2023.07.15"]
[Round "7"]
[White "Temirov, Bakhyt"]
[Black "Mukhametkali, Merey"]
[Result "1/2-1/2"]
[WhiteElo "2166"]
[BlackElo "1923"]
[PlyCount "68"]
[EventDate "2023.07.11"]
[EventType "swiss"]
[EventRounds "10"]
[EventCountry "KAZ"]
[SourceTitle "CBM 215 Extra"]
[Source "ChessBase"]
[SourceDate "2023.09.30"]
[SourceVersion "1"]
[SourceVersionDate "2023.09.30"]
[SourceQuality "1"]

1. d4 Nf6 2. Nf3 c5 3. g3 cxd4 4. Bg2 Nc6 5. 0-0 g6 6. Nxd4 Bg7 7. c4 0-0 8. Nc3 d6 9. Bg5 Nxd4 10. Qxd4 h6 11. Bxf6 Bxf6 12. Qe3 Bxc3 13. bxc3 Qc7 14. Qxh6 Qxc4 15. Qe3 Be6 16. Rab1 Rac8 17. Rxb7 Rc7 18. Rxa7 Rxa7 19. Qxa7 Qxa2 20. Qxe7 Qxe2 21. Qxd6 Rc8 22. h4 Rxc3 23. Qd8+ Kh7 24. Qf6 Rd3 25. Ra1 Rd1+ 26. Rxd1 Qxd1+ 27. Kh2 Qg4 28. Bf3 Qf5 29. Qxf5 Bxf5 30. Bd5 f6 31. f3 Kg7 32. g4 Bd7 33. Kg3 g5 34. h5 f5 1/2-1/2

[Event "Asian Continental op 20th"]
[Site "Almaty"]
[Date "2023.06.10"]
[Round "8"]
[White "Mukhametkali, Merey"]
[Black "Shonazarov, Orash"]
[Result "1/2-1/2"]
[WhiteElo "1939"]
[BlackElo "2066"]
[PlyCount "97"]
[EventDate "2023.06.04"]
[EventType "swiss"]
[EventRounds "9"]
[EventCountry "KAZ"]
[SourceTitle "CBM 214 Extra"]
[Source "ChessBase"]
[SourceDate "2023.07.31"]
[SourceVersion "1"]
[SourceVersionDate "2023.07.31"]
[SourceQuality "1"]

1. e4 e5 2. Nf3 Nc6 3. Bb5 a6 4. Ba4 Nf6 5. d4 exd4 6. 0-0 Be7 7. e5 Ne4 8. Nxd4 Nc5 9. Nf5 g6 10. Bxc6 dxc6 11. Qxd8+ Bxd8 12. Ng3 f6 13. Be3 Ne6 14. f4 f5 15. Nc3 Be7 16. Nge2 Bd7 17. Nd4 Nc5 18. Rad1 Rd8 19. Nb3 Nxb3 20. axb3 Kf7 21. Rd2 Be6 22. Rfd1 Rxd2 23. Rxd2 a5 24. Rd1 b6 25. Kf2 Ra8 26. Ra1 Rd8 27. Rd1 c5 28. Rxd8 Bxd8 29. g3 Ke7 30. Ke1 c4 31. bxc4 Bxc4 32. b3 Bf7 33. Na4 Be8 34. c4 Ke6 35. Kd2 Bc6 36. Bd4 Be7 37. Ke2 Bf8 38. Ke3 Bh6 39. h4 Bf8 40. Ke2 Be7 41. Kd2 Be4 42. Kc1 Bf3 43. Kb2 Bc6 44. Nc3 Bb4 45. Bf2 Be7 46. Bg1 Bf8 47. Bf2 Bb4 48. Kc2 Be7 49. Kb2 1/2-1/2

[Event "Asian Continental op 20th"]
[Site "Almaty"]
[Date "2023.06.08"]
[Round "6"]
[White "Hussein, Aziz Nezad"]
[Black "Mukhametkali, Merey"]
[Result "1/2-1/2"]
[WhiteElo "2332"]
[BlackElo "1939"]
[PlyCount "68"]
[EventDate "2023.06.04"]
[EventType "swiss"]
[EventRounds "9"]
[EventCountry "KAZ"]
[SourceTitle "CBM 214 Extra"]
[Source "ChessBase"]
[SourceDate "2023.07.31"]
[SourceVersion "1"]
[SourceVersionDate "2023.07.31"]
[SourceQuality "1"]

1. e4 e6 2. d4 d5 3. Nd2 c5 4. Ngf3 cxd4 5. Nxd4 Nc6 6. Bb5 Bd7 7. Nxc6 bxc6 8. Bd3 Bd6 9. Qe2 Qc7 10. Nf3 dxe4 11. Qxe4 Nf6 12. Qh4 Qa5+ 13. Bd2 Qh5 14. Qxh5 Nxh5 15. g3 Nf6 16. Bc3 c5 17. 0-0 Ke7 18. Rfe1 h6 19. Rad1 Rhd8 20. Ne5 Bc7 21. Nxd7 Rxd7 22. Bb5 Rxd1 23. Rxd1 Rd8 24. Rxd8 Kxd8 25. Kf1 Ke7 26. Ke2 g5 27. Bd2 Nd5 28. a3 f5 29. c4 Nf6 30. Be3 Bd6 31. f3 Nd7 32. b3 Kd8 33. Bf2 Kc7 34. Bg1 Be7 1/2-1/2

[Event "Asian Continental op 20th"]
[Site "Almaty"]
[Date "2023.06.05"]
[Round "2"]
[White "Nurgaliyev, Sauat"]
[Black "Mukhametkali, Merey"]
[Result "1-0"]
[WhiteElo "2319"]
[BlackElo "1939"]
[PlyCount "43"]
[EventDate "2023.06.04"]
[EventType "swiss"]
[EventRounds "9"]
[EventCountry "KAZ"]
[SourceTitle "CBM 214 Extra"]
[Source "ChessBase"]
[SourceDate "2023.07.31"]
[SourceVersion "1"]
[SourceVersionDate "2023.07.31"]
[SourceQuality "1"]

1. e4 e6 2. d4 d5 3. Nc3 Bb4 4. e5 Ne7 5. a3 Bxc3+ 6. bxc3 b6 7. Qg4 Ng6 8. h4 h5 9. Qd1 Ba6 10. Bxa6 Nxa6 11. Nf3 Qd7 12. a4 Ne7 13. Qd3 Nb8 14. c4 Nbc6 15. cxd5 Nxd5 16. c4 Ndb4 17. Qe4 Nxd4 18. Qxa8+ Ke7 19. Bg5+ f6 20. exf6+ Kd6 21. Qxh8 Ndc2+ 22. Ke2 1-0